Statistical methods for practice and research (Record no. 906)

MARC details
000 -LEADER
fixed length control field 00603 a2200181 4500
001 - CONTROL NUMBER
control field 066913
003 - CONTROL NUMBER IDENTIFIER
control field OSt
005 - DATE AND TIME OF LATEST TRANSACTION
control field 20211021171034.0
008 - FIXED-LENGTH DATA ELEMENTS--GENERAL INFORMATION
fixed length control field
082 ## - DEWEY DECIMAL CLASSIFICATION NUMBER
Classification number 005.55
Item number G23S
100 1# - MAIN ENTRY--PERSONAL NAME
Personal name Gaur, Ajai S.
245 1# - TITLE STATEMENT
Title Statistical methods for practice and research
Statement of responsibility, etc by Ajai S. Gaur and Sanjaya S. Gaur
260 ## - PUBLICATION, DISTRIBUTION, ETC. (IMPRINT)
Place of publication, distribution, etc Delhi
Name of publisher, distributor, etc Response
Date of publication, distribution, etc 2006
300 ## - PHYSICAL DESCRIPTION
Extent 169p.
690 ## - LOCAL SUBJECT ADDED ENTRY--TOPICAL TERM (OCLC, RLIN)
Topical term or geographic name as entry element Social sciences--Research--Statistical methods; Social sciences--Statistical methods--Computer programs; SPSS (Computer file); SPSS for Windows
700 ## - ADDED ENTRY--PERSONAL NAME
Personal name Gaur, Sanjaya S.
942 ## - ADDED ENTRY ELEMENTS (KOHA)
Source of classification or shelving scheme Dewey Decimal Classification
Koha item type Books
Holdings
Withdrawn status Lost status Source of classification or shelving scheme Damaged status Not for loan Collection code Home library Current library Date acquired Source of acquisition Cost, normal purchase price Full call number Barcode Date last seen Price effective from Koha item type
    Dewey Decimal Classification     General Text Book Central University Of Rajasthan Central University Of Rajasthan 07/03/2012 MGM 295.00 005.55 G23S 1199 21/11/2024 02/09/2020 Books